Pokémon - Les attaques de Balbalèze - Statistiques

Statistiques générales
  • Ce quiz a été pris 20 fois
  • Le résultat moyen est 10 sur 15
Statistiques - réponses
Niveaux Types Noms des attaques % Correct
Départ Normal Charge
100%
Niveau 19 Normal Bélier
90%
Niveau 53 Glace Blizzard
90%
Départ Glace Poudreuse
90%
Niveau 31 Vol Rebond
90%
Niveau 49 Normal Damoclès
80%
Niveau 12 Glace Éclats Glace
70%
Niveau 36 Normal Plaquage
70%
Niveau 15 Psy Repos
70%
Niveau 6 Normal Rugissement
70%
Niveau 40 Psy Amnésie
60%
Niveau 27 Glace Avalanche
60%
Niveau 44 Glace Cryo-Pirouette
50%
Niveau 25 Normal Gigotage
30%
Niveau 9 Normal Écho
20%
Aucun quiz correspondant
Distribution des résultats
% des personnes avec chaque résultat
Percentile par nombre de réponses
Votre historique - résultats
Vous n’avez pas pris ce quiz